[Event "Seville-ch"]
[Site "Seville"]
[Date "2014.01.25"]
[Round "1.4"]
[White "Barrera Caro, Miguel Angel"]
[Black "Gutierrez Valero, Mario"]
[Result "0-1"]
[WhiteElo "1867"]
[BlackElo "2186"]
[PlyCount "58"]
[EventDate "2014.01.25"]
[EventType "swiss"]
[EventRounds "9"]
[EventCountry "ESP"]
[SourceTitle "EXT 2024"]
[Source "ChessBase"]
[SourceDate "2023.10.10"]
[SourceVersion "1"]
[SourceVersionDate "2023.10.10"]
[SourceQuality "1"]

1. e4 c5 2. c3 d5 3. exd5 Qxd5 4. d4 Nc6 5. dxc5 Qxc5 6. Be3 Qa5 7. Nf3 Bg4 8. Be2 e6 9. 0-0 Nf6 10. h3 Bh5 11. b4 Qc7 12. Qa4 Nd7 13. Rd1 Rd8 14. b5 Na5 15. Nbd2 b6 16. Nb3 Bxf3 17. Bxf3 Nc4 18. Rxd7 Rxd7 19. Bc6 Nxe3 20. fxe3 Bd6 21. Qd4 0-0 22. Bxd7 Qxd7 23. Rd1 Rd8 24. a4 Qc7 25. Kf1 Be7 26. Qg4 Rxd1+ 27. Qxd1 Qxc3 28. Nd4 Qxe3 29. Nc6 Bh4 0-1